Sons emitidos por animais - Statistics

Estatísticas Gerais
  • Esse quiz foi jogado 140 vezes
    124 desde o último reset
  • A pontuação média é 9 de 32
Estatísticas das Respostas
Animais Sons Emitidos % Correto
Cão Ganir, Latir, Ladrar
95%
Gato Miar
89%
Lobo Ladrar, Uivar
77%
Pássaros em geral Piar, Chilrear, Gorjear
71%
Andorinha Chilrear, Pipilar, Piar
69%
Cigarra Canta, Chiar, Ziziar
64%
Touro, Boi Mugir
58%
Galinha Cacarejar
52%
Bezerro Berrar
48%
Sapo, Rã Coachar
31%
Asnos Relinchar, Ornear
28%
Avestruz, Gralha, Pato, Ganso Grasnar
25%
Leão, Onça, Urso, Tigre Urrar
24%
Insectos em geral Zumbir
21%
Tigre Roncar
18%
Burro Zurrar
18%
Carneiro, Ovelha Balir
13%
Cobra Sibilar
13%
Grilo Cricrilar
8%
Jacaré Bramir, Chorar
4%
Coelho, Porco, Rato Guinchar
4%
Aves Noturnas Ulular
4%
Pombo Arrulhar
3%
Bode Balar
3%
Camelo Blaterar
3%
Elefante Barrir
2%
Cisne Arensar
1%
Corvo, Coruja Crocitar
1%
Morcego Farfalhar
1%
Lagarto Gecar
1%
Peru Grugulejar
1%
Pavão Pupilar
1%
Nenhum quiz correspondente encontrado
Distribuição das Pontuações
Porcentagem de Pessoas com Cada Pontuação
Percentil de Números Respondidos
Sua Pontuação Histórica
Você não jogou esse quiz desde o último reset